ბათუმის შოთა რუსთაველის სახელმწიფო უნივერსიტეტის ბიბლიოთეკა

განათლებისათვის=Enliqhtening N1,ივნისი.2011 (ბიბ.ჩანაწერი № 49541)

000 -LEADER
fixed length control field 00839nam a2200217Ia 4500
001 - CONTROL NUMBER
control field 16470
003 - CONTROL NUMBER IDENTIFIER
control field GE_BSU
008 - FIXED-LENGTH DATA ELEMENTS--GENERAL INFORMATION
fixed length control field 181216s||||||||xx |||||||||||||| ||und||
040 ## - CATALOGING SOURCE
Transcribing agency GE_BSU
245 ## - TITLE STATEMENT
Title განათლებისათვის=Enliqhtening N1,ივნისი.2011
245 ## - TITLE STATEMENT
Remainder of title პედაგოგებისათვის,ადმინისტრირებისათვის,მშობლებისათვის
245 ## - TITLE STATEMENT
Statement of responsibility, etc. რედ.-გამომც.:ნ.ჭაჭიაშვილი
260 ## - PUBLICATION, DISTRIBUTION, ETC.
Place of publication, distribution, etc. თბილისი
260 ## - PUBLICATION, DISTRIBUTION, ETC.
Name of publisher, distributor, etc. შპს.არტლაინსი
260 ## - PUBLICATION, DISTRIBUTION, ETC.
Date of publication, distribution, etc. 2011
300 ## - PHYSICAL DESCRIPTION
Extent 87გვ;ილ;28სმ.
653 ## - INDEX TERM--UNCONTROLLED
Uncontrolled term განათლებისათვის=Enliqhtening
653 ## - INDEX TERM--UNCONTROLLED
Uncontrolled term პედაგოგიკა
942 ## - ADDED ENTRY ELEMENTS (KOHA)
Koha item type პერიოდიკა
ეგზემპლარები
Withdrawn status Lost status Damaged status Not for loan Date acquired Barcode Date last seen Price effective from Koha item type
        2018-12-17 41179 2018-12-17 2018-12-17 პერიოდიკა
        2018-12-17 41180 2018-12-17 2018-12-17 პერიოდიკა
        2018-12-17 41182 2018-12-17 2018-12-17 პერიოდიკა
        2018-12-17 41183 2018-12-17 2018-12-17 პერიოდიკა
        2018-12-17 41181 2018-12-17 2018-12-17 პერიოდიკა